<?xml version="1.0" encoding="UTF-8"?>
<marc:record xmlns:marc="http://www.loc.gov/MARC21/slim">
   <marc:leader>00000nam a2200000 a 4500</marc:leader>
   <marc:datafield ind1="1" ind2=" " tag="100">
      <marc:subfield code="a">Lake, Nick</marc:subfield>
      <marc:subfield code="4">aut</marc:subfield>
      <marc:subfield code="e">Verfasser/-in</marc:subfield>
   </marc:datafield>
   <marc:datafield ind1="0" ind2="0" tag="245">
      <marc:subfield code="a">Im Königreich der Kälte</marc:subfield>
   </marc:datafield>
   <marc:datafield ind1="0" ind2="0" tag="245">
      <marc:subfield code="b">Roman</marc:subfield>
   </marc:datafield>
   <marc:datafield ind1="0" ind2="0" tag="245">
      <marc:subfield code="c">Lake, Nick</marc:subfield>
   </marc:datafield>
   <marc:datafield ind1=" " ind2="1" tag="264">
      <marc:subfield code="a">München</marc:subfield>
      <marc:subfield code="b">PAN</marc:subfield>
      <marc:subfield code="c">2009</marc:subfield>
   </marc:datafield>
   <marc:datafield ind1=" " ind2=" " tag="250">
      <marc:subfield code="a">Deutsche Erstausgabe</marc:subfield>
   </marc:datafield>
   <marc:datafield ind1="1" ind2=" " tag="520">
      <marc:subfield code="a">Light ist ein ungewöhnliches Mädchen – und das liegt nicht nur daran, dass ihre Mutter eine Inuit war, ihre Haare weiß sind wie Schnee und sie in einem alten Haus aufwächst, in dessen Wänden sich ein Geist verbirgt. Als ihr Vater bei einer Polarexpedition verschwindet, weiß Light, dass nur sie ihn retten kann. Ihre gefährliche Reise führt sie tief in das Königreich der Kälte. Doch Light ist nicht allein: Sie findet wahre Freunde – und wer hat je behauptet, dass es sich dabei um Menschen handeln muss?&#xD;
&#xD;
Eine ungewöhnliche Heldin, die eisige Götterwelt der Arktis, große Gefahr und echtes Gefühl: ein besonderes Lese-Abenteuer!</marc:subfield>
   </marc:datafield>
   <marc:datafield ind1=" " ind2=" " tag="020">
      <marc:subfield code="a">9783426283035</marc:subfield>
      <marc:subfield code="9">9783426283035</marc:subfield>
   </marc:datafield>
   <marc:datafield ind1=" " ind2=" " tag="338">
      <marc:subfield code="a">Band</marc:subfield>
   </marc:datafield>
   <marc:datafield ind1=" " ind2=" " tag="300">
      <marc:subfield code="a">382 Seiten</marc:subfield>
   </marc:datafield>
</marc:record>
